Province più estese d'Italia - Statistics

Statistiche generali
  • Questo quiz è stato fatto 127 volte
  • Il punteggio medio è 15 su 20
Statistiche sulle risposte
Posizione Provincia Superficie N° abitanti % Corretto
12 Roma 5.365,77 4.230.292
98%
5 Torino 6.828,37 2.203.353
94%
14 Palermo 5.005,06 1.198.594
90%
10 Trento 6.208,18 545.183
89%
2 Bolzano 7.397,79 536.933
87%
1 Sassari 7.697,80 473.236
82%
9 Perugia 6.335,65 331.754
80%
15 Udine 4.972,37 517.261
80%
19 Bari 3.865,14 1.221.782
78%
7 Potenza 6.592,24 343.508
78%
3 Foggia 7.008,69 592.911
75%
4 Cuneo 6.898,19 582.194
74%
17 Brescia 4.787,10 1.262.271
73%
13 L'Aquila 5.046,91 287.238
72%
16 Salerno 4.954,93 1.057.819
70%
18 Grosseto 4.502,28 216.290
69%
6 Cosenza 6.706,18 670.165
68%
8 Sud Sardegna 6.529,14 331.754
68%
11 Nuoro 5.640,60 197.003
62%
20 Siena 3.819,70 260.623
58%
Nessun quiz corrispondente trovato
Distribuzione punteggi
Percentuale di utenti per punteggio
Percentile per numero di risposta
I tuoi punteggi nel tempo
Non hai fatto questo quiz